000 01541nam a22003257a 4500
005 20240530110356.0
008 141021s2009 ua gr 000 0 ara d
017 _a23085/2009
_bمصر . دار الكتب
020 _a9789774797631
040 _aEG-CaGPL
082 0 4 _221
_a808.81\
_bع ث
100 0 _aعبدالغفار مكاوى
245 1 _aثورة الشعر الحديث من بودلير الى العصر الحاضر /
_cعبدالغفار مكاوى ؛ تقديم محمد حسن عبدالله
250 _aط3
260 _aالقاهرة :
_bالهيئة العامة لقصور الثقافة ،
_c2009
300 _a670 ص ؛
_c24 سم
650 0 4 _aالشعر
_xتاريخ ونقد
_yالعصر الحديث
650 0 4 _aالشعر
_xمجموعات
650 0 4 _aالشعر الحديث
_zاوروبا
650 0 4 _aالشعر الحديث
_zاسبانيا
650 0 4 _aالشعر الحديث
_zايطاليا
650 0 4 _aالشعر الحديث
_zفرنسا
650 0 4 _aالشعر الحديث
_zالمانيا
650 0 4 _aالشعراء العصر الحديث
_yالعصر الحديث
_xبودلير 1821 -1867
650 0 4 _aالشعراء العصر الحديث
_yالعصر الحديث
_xرامبو (1854 - 1891م )
650 0 4 _aالشعراء العصر الحديث
_yالعصر الحديث
_xمالارميه (1842 -1898 م )
700 0 _aمحمد حسن عبدالله
_eمقدم
942 _2ddc
_cBK
999 _c60176
_d60176